Normal view
MARC view
- Andrews, Annie
Entry Personal Name
001 - CONTROL NUMBER
- control field: 7827
003 - CONTROL NUMBER IDENTIFIER
- control field: OSt
005 - DATE AND TIME OF LATEST TRANSACTION
- control field: 20250903131619.0
008 - FIXED-LENGTH DATA ELEMENTS
- fixed length control field: 250903|| aca||aabn | a|a d
040 ## - CATALOGING SOURCE
- Original cataloging agency: OSt
- Transcribing agency: OSt
100 ## - HEADING--PERSONAL NAME
- Personal name: Andrews, Annie
670 ## - SOURCE DATA FOUND
- Source citation: Work cat.: (OSt)19511: Andrews, Annie, Pepper the best dog /, 2019.
